English French Conjunctions and Connectives - Statistics

General Stats
  • This quiz has been taken 23 times
  • The average score is 10 of 27
Answer Stats
English Conjunctions & Connectives French % Correct
but mais
93%
also aussi
87%
or ou
80%
if si
73%
as, like comme
67%
when quand
67%
for example par example
60%
so, therefore donc
47%
because car
40%
however cependant
40%
even if même si
40%
undoubtedly, without doubt, probably sans doute
40%
so, therefore, then alors
33%
then puis
33%
so, therefore ainsi
20%
that is to say, i.e. c'est-à-dire
20%
because of à cause de
13%
on the other hand de l'autre côté
13%
on the one hand d'un côté
13%
next ensuite
13%
obviously évidemment
13%
on the other hand par contre
13%
while pendant que
13%
apart from à part
7%
however pourtant
7%
seeing that, since puisque
7%
including y compris
7%
No matching quizzes found
Score Distribution
Percent of People with Each Score
Percentile by Number Answered
Your Score History
You have not taken this quiz